000
00312nam a22001217a 4500
008
160423b xxu||||| |||| 00| 0 eng d
020
_a
9780803614833
020
_a
080803614833
041
_a
eng
080
_a
618.2
245
_a
Fundamentals of nursing:
_c
Judith M. Wilkinson; Karen Van Leuven;
942
_2
udc
_c
BK
999
_c
1549
_d
1549